European Heritage #2 - Statistics

General Stats
  • This quiz has been taken 159 times
  • The average score is 7 of 13
Answer Stats
This person is/was... % Correct
Founder of psychoanalysis Sigmund Freud
91%
Baroque composer, most famouswork: "Mass in B minor" Johann Sebastian Bach
79%
The "Desert Fox", leader of the Afrika Korps in WWII Erwin Rommel
78%
One of the greatest tennis players in history Roger Federer
65%
The man who "stopped the Sun and moved the Earth"; father of modern astronomy Nicolaus Copernicus
64%
Composer symbol of Romanticism,most famous work: "Nocturne in E-flat major, Op. 9, No. 2" Fryderik Chopin
51%
Physicist who participated in the Manhattan Project, won a Nobel Prize in 1922 Niels Bohr
43%
The scientist who "fought" the ManhattanProject; inventor of the "Uncertainty Principle" Werner Heisenberg
42%
Three times World Champions in F1, createda strong rivarly with James Hunt Niki Lauda
41%
Famous actor, took part in "Doctor Strange", "Hannibal", "The suspect". Mads Mikkelsen
35%
Enlightened ruler who modernized the Habsburg Empire (Hint: it's a female ruler) Maria Theresa of Austria
31%
Philosopher who influenced the French Revolution Jean-Jacques Rousseau
27%
The savior of Vienna in 1683, stopped the Ottomans and saved Christianity John III Sobieski
12%
No matching quizzes found
Score Distribution
Percent of People with Each Score
Percentile by Number Answered
Your Score History
You have not taken this quiz